[Event "Rio Branco Acreano op"]
[Site "Rio Branco"]
[Date "2021.08.08"]
[Round "4"]
[White "De Avelar, Flavio Henrique"]
[Black "Neto, Antonio Alves Leita"]
[Result "0-1"]
[WhiteElo "1534"]
[BlackElo "1990"]
[PlyCount "102"]
[EventDate "2021.08.05"]
[EventType "swiss"]
[EventRounds "7"]
[EventCountry "BRA"]
[SourceTitle "EXT 2023"]
[Source "ChessBase"]
[SourceDate "2022.10.05"]
[SourceVersion "1"]
[SourceVersionDate "2022.10.05"]
[SourceQuality "1"]

1. d4 c5 2. c3 d5 3. Bf4 Nc6 4. e3 e6 5. Nf3 Bd6 6. Bxd6 Qxd6 7. Bb5 Bd7 8. 0-0 a6 9. Bxc6 Bxc6 10. Ne5 Nf6 11. Nxc6 Qxc6 12. Nd2 Rc8 13. Nf3 b5 14. Rc1 Qc7 15. Ne5 g6 16. f4 h5 17. a4 c4 18. b4 0-0 19. a5 Kg7 20. Qc2 Ne4 21. Qe2 Rh8 22. Rc2 Rcg8 23. Qd1 Kf8 24. Qe2 Ke8 25. Qd1 Kd8 26. Qe2 Kc8 27. Nf3 f5 28. Ng5 Nxg5 29. fxg5 h4 30. Qf3 Rh5 31. Qf4 Re8 32. Rf3 e5 33. dxe5 Qxe5 34. Kf2 Kd7 35. Rd2 Kc6 36. Rd4 Qxf4 37. exf4 Rh7 38. Re3 Rhe7 39. Rxe7 Rxe7 40. Rd2 Re4 41. g3 h3 42. Rd1 d4 43. Rxd4 Rxd4 44. cxd4 Kd5 45. Ke3 c3 46. g4 fxg4 47. f5 g3 48. hxg3 h2 49. fxg6 h1Q 50. g7 Qe4+ 51. Kf2 Qxd4+ 0-1

[Event "Rio Granco ACRE 1st U2000"]
[Site "Rio Granco"]
[Date "2019.07.13"]
[Round "3.4"]
[White "Dos Santos, Paulo H Maximo"]
[Black "Neto, Antonio Alves Leita"]
[Result "0-1"]
[WhiteElo "1461"]
[BlackElo "1949"]
[PlyCount "43"]
[EventDate "2019.07.12"]
[EventType "swiss"]
[EventRounds "6"]
[EventCountry "BRA"]
[SourceTitle "EXT 2022"]
[Source "ChessBase"]
[SourceDate "2021.10.06"]
[SourceVersion "1"]
[SourceVersionDate "2021.10.06"]
[SourceQuality "1"]

1. e4 c5 2. Nf3 Nc6 3. Bb5 g6 4. c4 Bg7 5. Bxc6 dxc6 6. 0-0 Qd3 7. Re1 Be6 8. Qb3 0-0-0 9. Na3 Qxb3 10. axb3 Rd3 11. Re3 Rxe3 12. fxe3 Nf6 13. e5 Ng4 14. d4 Bh6 15. Nc2 Bf5 16. Nfe1 Rd8 17. h3 cxd4 18. hxg4 Bxc2 19. Nxc2 d3 20. Nd4 c5 21. Nf3 e6 22. Bd2 0-1

[Event "Rio Granco ACRE 1st U2000"]
[Site "Rio Granco"]
[Date "2019.07.12"]
[Round "2.4"]
[White "Neto, Antonio Alves Leita"]
[Black "De Oliveira, Gualter Amelio"]
[Result "1-0"]
[WhiteElo "1949"]
[BlackElo "1473"]
[PlyCount "83"]
[EventDate "2019.07.12"]
[EventType "swiss"]
[EventRounds "6"]
[EventCountry "BRA"]
[SourceTitle "EXT 2022"]
[Source "ChessBase"]
[SourceDate "2021.10.06"]
[SourceVersion "1"]
[SourceVersionDate "2021.10.06"]
[SourceQuality "1"]

1. e4 e6 2. Qe2 c5 3. Nf3 Ne7 4. g3 Nbc6 5. c3 Ng6 6. Bg2 Be7 7. d4 cxd4 8. cxd4 d5 9. e5 Qb6 10. Be3 Bd7 11. 0-0 Na5 12. Nc3 Nc4 13. b3 Nxe3 14. fxe3 Rc8 15. Na4 Qa5 16. Rfc1 0-0 17. h4 Ba3 18. Rxc8 Rxc8 19. h5 Ne7 20. h6 Bxa4 21. bxa4 Rc1+ 22. Rxc1 Bxc1 23. Kh2 Nf5 24. Qc2 Ba3 25. Qc8+ Bf8 26. hxg7 Kxg7 27. Qxb7 Nxe3 28. Ng5 Ng4+ 29. Kh3 Nh6 30. Nxe6+ Kg8 31. Nxf8 Kxf8 32. Bxd5 Qxa4 33. Qc6 Qxc6 34. Bxc6 Nf5 35. d5 Ne7 36. Kg4 Ng6 37. Kf5 Ke7 38. d6+ Kd8 39. Kf6 a6 40. Bd5 Kd7 41. Bxf7 Nf8 42. Kg7 1-0

[Event "Rio Branco op 2nd"]
[Site "Rio Branco"]
[Date "2019.04.21"]
[Round "6"]
[White "Filho, Paulo Roberto do N"]
[Black "Neto, Antonio Alves Leita"]
[Result "0-1"]
[WhiteElo "1536"]
[BlackElo "1937"]
[PlyCount "56"]
[EventDate "2019.04.19"]
[EventType "swiss"]
[EventRounds "6"]
[EventCountry "BRA"]
[SourceTitle "CBM 190 Extra"]
[Source "ChessBase"]
[SourceDate "2019.07.15"]
[SourceVersion "1"]
[SourceVersionDate "2019.07.15"]
[SourceQuality "1"]

1. d4 Nf6 2. c4 e5 3. d5 Bc5 4. Nf3 d6 5. Bg5 Bxf2+ 6. Kxf2 Ne4+ 7. Ke1 Nxg5 8. Nc3 a5 9. Qd2 h6 10. Nxg5 hxg5 11. e4 Na6 12. a3 Nc5 13. Qc2 a4 14. Rb1 g4 15. g3 Bd7 16. Be2 Nb3 17. Nd1 Qg5 18. Nf2 g6 19. Bd1 f5 20. Qc3 Nc5 21. Bc2 Ke7 22. Kf1 Raf8 23. Ke2 Rh7 24. h4 gxh3 25. Rh2 fxe4 26. Bxe4 Nxe4 27. Qd3 Nxg3+ 28. Ke1 Bf5 0-1